Estudio del "Pinus Strobus" L. para su aprovechamiento celulósico / (Record no. 189582)

MARC details
000 -LEADER
campo de control de longitud fija 00796nam a2200217 i 4500
001 - NÚMERO DE CONTROL
campo de control 189582
003 - IDENTIFICADOR DE NÚMERO DE CONTROL
campo de control ES-MaACL
005 - FECHA Y HORA DE LA ÚLTIMA TRANSACCIÓN
campo de control 20230906223516.0
007 - CAMPO FIJO DE DESCRIPCIÓN FÍSICA--INFORMACIÓN GENERAL
campo de control de longitud fija t|
008 - DATOS DE LONGITUD FIJA--INFORMACIÓN GENERAL
campo de control de longitud fija 190624s1952 sp r ||||1| spa d
100 1# - ENTRADA PRINCIPAL--NOMBRE DE PERSONA
Nombre de persona Carderera, Eduardo.
9 (RLIN) 167390
245 10 - MENCIÓN DEL TÍTULO
Título Estudio del "Pinus Strobus" L. para su aprovechamiento celulósico /
Mención de responsabilidad, etc. por Eduardo Carderera.
260 ## - PUBLICACIÓN, DISTRIBUCIÓN, ETC.
Lugar de publicación, distribución, etc. Madrid :
Nombre del editor, distribuidor, etc. Instituto Forestal de Investigaciones y Experiencias,
Fecha de publicación, distribución, etc. 1952.
300 ## - DESCRIPCIÓN FÍSICA
Extensión 19 p. :
Otras características físicas il. ;
Dimensiones 24 cm.
490 1# - MENCIÓN DE SERIE
Mención de serie Instituto Forestal de Investigaciones y Experiencias ;
Designación de volumen o secuencia Año XXIII nº 60
650 #4 - PUNTO DE ACCESO ADICIONAL DE MATERIA--TÉRMINO DE MATERIA
Término de materia o nombre geográfico como elemento de entrada Pinos.
9 (RLIN) 149815
650 #4 - PUNTO DE ACCESO ADICIONAL DE MATERIA--TÉRMINO DE MATERIA
Término de materia o nombre geográfico como elemento de entrada Celulosa.
9 (RLIN) 158799
830 0# - PUNTO DE ACCESO ADICIONAL DE SERIE-TÍTULO UNIFORME
Título uniforme Instituto Forestal de Investigaciones y Experiencias ;
Designación de volumen o secuencia Año XXIII nº 60
9 (RLIN) 181435
852 ## - LOCALIZACIÓN
Ubicación ES-MaACL
Número de control de estantería P-569-Bis-47
Holdings
Estatus retirado Estado de pérdida Estado de daño No para préstamo Biblioteca de origen Biblioteca actual Ubicación en estantería Fecha de adquisición Fuente de adquisición Total de préstamos Signatura topográfica completa Código de barras Visto por última vez Precio de reemplazo Tipo de ítem Koha
        Biblioteca del Ateneo de Madrid Biblioteca del Ateneo de Madrid Depósito 2 24/06/2019     P-569-Bis-47 1200905 23/02/2023 23/02/2023 Libro impreso